| 000 | 00668nam a22002057a 4500 | ||
|---|---|---|---|
| 999 |
_c5125 _d5125 |
||
| 003 | OSt | ||
| 005 | 20240315135049.0 | ||
| 008 | 180220b xxu||||| |||| 00| 0 spa d | ||
| 040 | _cPJ | ||
| 100 |
_aTrotti, Eduardo Gustavo _96254 |
||
| 245 | 1 | 0 |
_aCódigo procesal penal de la provincia de Tierra del Fuego, Antártida e Islas del Alántico Sur / _cEduardo Gustavo Trotti. |
| 260 |
_aSanta Fe : _bLux, _c2005. |
||
| 300 |
_a2 v. _c22 cm. |
||
| 500 | _a | ||
| 650 | 0 |
_aCODIGO PROCESAL PENAL _92500 |
|
| 650 | 0 |
_aOBRA DE REFERENCIA _92443 |
|
| 651 | 0 |
_92403 _aTIERRA DEL FUEGO |
|
| 710 |
_92448 _aArgentina. Códigos |
||
| 942 |
_2udc _cLIB _h347.9(094.4) _iGIA |
||